000 00800nam a22002777a 4500
001 BR0809579
003 BR-BrBNA
005 20230928102833.0
007 ta
008 230509b bl.||||| |||| 00| 0 por d
040 _aBR-BrBNA
_bpor
_cBiblioteca Nacional de Agricultura
041 _a(Por)
072 _aE40
090 _ E40 BR0809579
100 1 _aCastanheira, M.E.M.
110 1 _aUniversidade Federal de Lavras, MG (Brasil)
_0Tese (Mestrado)
245 1 _aAção coletiva no espaço organizacional de cooperativas populares
260 3 _aLavras, MG (Brasil):
_c2008.
300 _a74 p.
500 _aSummaries (Eng, Por); 48 ref.
650 _aCOOPERATIVA
650 _aINTEGRAÇÃO
650 _aDESENVOLVIMENTO SOCIAL
909 _a202309
_bLucia
_c55
_dLucia Elande
942 _cBK
999 _c72646
_d72646